000 00682 a2200217 4500
020 _a9780763745912
020 _a076374591X
020 _a9780763739140
020 _a0763739146
040 _aDLC
_bDLC
082 0 0 _a510.2462
100 1 _aZill, Dennis G.,
245 1 0 _aAdvanced engineering mathematics
_cDennis G. Zill, Michael R. Cullen.
250 _a3rd ed.
260 _aSudbury, Mass. :
_bJones and Bartlett Publishers,
_cc2006.
300 _axxxiii, 929, 14, 49, 23 p. :
_bill. (some col.) ;
_c29 cm.
500 _aIncludes bibliographical references and index.
650 0 _aEngineering mathematics.
700 1 _aCullen, Michael R.
942 _cBK
_k510.2462 ZIL
_2ddc
999 _c7891
_d7891